| 000 | 00677nam a22002537a 4500 | ||
|---|---|---|---|
| 001 | 0074 | ||
| 003 | DO-SdBNP | ||
| 005 | 20180119132644.0 | ||
| 007 | 0074 | ||
| 008 | 151009b sp 1986 ||||| |||| 00| 0 spa d | ||
| 020 | _a8427233086 | ||
| 040 |
_aBPMSU _bspa _cBPMSU |
||
| 092 |
_axxxx _bxxxx |
||
| 100 | 1 | _aJordan, G. P. | |
| 245 | 1 | 3 |
_aEl código chino / _cG.P. Jordan ; traducción C. Peraire. |
| 260 |
_aBarcelona, España : _bMolino, _c1986 |
||
| 300 |
_a168 p. : _bil., _c20 cm. |
||
| 490 | 1 |
_aMicro-expertos _v8 |
|
| 700 | 1 | 2 |
_aPeraire, C., _etr. |
| 830 | 0 |
_aMicro-expertos _n8 |
|
| 942 |
_2ddc _cBK |
||
| 945 | _aInventariado, 2018/LP | ||
| 956 |
_aBrenda Tavárez _b10 |
||
| 999 |
_c8359 _d8359 |
||